Регионална библиотека "Любен Каравелов" - Русе

В прародината на българите (Запис номер 81473)

MARC детайли
000 -Лидер
Контролно поле с фиксирана дължина 01753nam a2200421 c 4500
003 - Код на организацията, давaща контролен номер
Контролно поле BLK
005 - Дата и час на последна редакция
Контролно поле 20180422103949.0
008 - Елементи от данни с фиксирана дължина
fixed length control field 180408b bul|||||r ||||||| ||bul||
010 ## - Наследен системен номер
LC control number KNG00085977000
020 ## - Международен стандартен номер на книга ISBN
Международен стандартен номер на книга ISBN 978-954-340-070-6
-- издат.: Ню медиа груп
040 ## - Източник на каталожния запис
Идентификатор на билиотеката - собственик на записа BLK
041 ## - Код за език
Код за езика на текст/звукозапис или на отделно заглавие Български
Код за езика КДБФ Български
080 ## - УДК
Текстов определител УДК История на Татарстан
УДК код - определител по УДК 947.041
УДК определител
УДК - код + определител 947.041
080 ## - УДК
Текстов определител УДК Паметници на културата на историческите периоди. Археологическите паметници. Старини
УДК код - определител по УДК 904
УДК определител (470.41)
УДК - код + определител 904(470.41)
080 ## - УДК
Текстов определител УДК Българска литература
УДК код - определител по УДК 821.163.2
УДК определител -992
УДК - код + определител 821.163.2-992
100 1# - Редна дума - Автор
Автор Караджов, Максим
Авторска отговорност първи автор
R(LIN) 368705
139 ## - Редно поле
Редна дума Караджов, Максим
Авторски знак Караг - К 30
245 10 - Сведения за заглавието
Заглавие В прародината на българите
Редно поле (дума) Максим Караджов; фотогр. Цветан Томчев.
250 ## - Област на изданието
Сведения за изданието 2. доп. изд.
257 ## - Страна на издаване
Страна на създаване/издаване България
260 ## - Област на издателските данни
-- София
Име на издателя, разпространителя и проч. Ню медиа груп
Година на издаване 2007
Печатница София : Мултипринт
300 ## - Физическа характеристика
Страници 168 с.
Илюстрации и др. с ил., 8 л. : сн.
Размери/Мащаб 20 см
380 ## - Жанр
Жанр История
500 ## - Общи забележки
Забележка 1. изд. 2004 със загл. В прародината, изд. на Огледала
590 ## - Забележки на библиотеката, притежаваща документа (RLIN)
Служебно ф
650 #4 - Допълнително описание по предмет – тема
Основно описание – тема или топоним Волжки българи
9 (RLIN) 263141
650 #4 - Допълнително описание по предмет – тема
Основно описание – тема или топоним Татарстан - история
9 (RLIN) 173199
650 #4 - Допълнително описание по предмет – тема
Основно описание – тема или топоним Татарстан
9 (RLIN) 294922
653 ## - Ключова дума – ненормативна
Ключова дума прабългари
653 ## - Ключова дума – ненормативна
Ключова дума волжки българи
653 ## - Ключова дума – ненормативна
Ключова дума Татарстан
700 1# - Други автори (авторска отговорност)
Лично име Томчев, Цветан
Автороска отговорност (Описва отношението между автора и произведението) фотогр.
9 (RLIN) 368704
852 ## - Местоположение
Форматна сигнатура Цб 241585
856 4# - Електронен адрес и достъп
Електронен формат pdf - файл
Път до файла /url/
856 4# - Електронен адрес и достъп
Електронен формат pdf - файл
Път до файла /url/
942 ## - АРТИКУЛИ
Вид на библиотечния материал Книги
Скрит в OPAC Не
944 ## - СЪЗДАВАНЕ И РЕДАКЦИЯ на ЗАПИСА
Създаване/Редакция Създаване
Дата на регистрацията/редакция 21.10.2008
Служител, извършил регистрацията/редакцията Пенка_Димитрова
944 ## - СЪЗДАВАНЕ И РЕДАКЦИЯ на ЗАПИСА
Създаване/Редакция Редакция
Дата на регистрацията/редакция 07.11.2008
Служител, извършил регистрацията/редакцията
999 ## - СИСТЕМНИ КОНТРОЛНИ НОМЕРА
Koha biblionumber 81473
Koha biblioitemnumber 81473
Наличности
Код за отписване Код за изгубен артикул Източник на класификационната схема Код за повреда Коз за рестрикции Код за отдаване Артикулен № Име на библиотеката - собственик Име на библиотеката, в която се намира в момента Статус (Текущо местоположение) Дата на вписване в системата Местоположение - отдел Цена в лева Инвентарен номер Систематично азбучна сигнатура Баркод Номер на екземпляра Цена в евро Служебна бележка Служебен тип на артикула
  Не е изгубен Universal Decimal Classification Не е повреден без рестрикции заемане за дома 132215 Регионална библиотека "Любен Каравелов" Русе Регионална библиотека "Любен Каравелов" Русе Заемна - подръчен фонд 2008-10-15 Заемна - подръчен фонд 9.61 120000730457 94(47)/К 30 М 120000730457 1 4.91 Дост: Pk Вид: Ф N: 8703 Дата: 14.10.2008 Дата инв: 07.02.2018 Бележки инв: П2018 Книги
  Не е изгубен   Не е повреден без рестрикции ползва се в читалня 132216 Регионална библиотека "Любен Каравелов" Русе Регионална библиотека "Любен Каравелов" Русе Хранилище 2008-11-07 Хранилище 9.61 120000731140 Цб 241585 120000731140 2 4.91 Дост: Dp Вид: Д N: 27 Дата: 18.06.2008 Книги
  Не е изгубен Universal Decimal Classification Не е повреден без рестрикции заемане за дома 754278 Регионална библиотека "Любен Каравелов" Русе Регионална библиотека "Любен Каравелов" Русе Заемна - подръчен фонд 2020-01-17 Заемна - подръчен фонд 7.00   94(47)/К 30 М 120000841494   3.58   Книги
Vip Innovations Ltd, Rousse, Bulgaria 2025